| 000 | 00697nam a22002297a 4500 | ||
|---|---|---|---|
| 005 | 20170124110010.0 | ||
| 010 | _aB-216388 | ||
| 020 |
_c695.00 _a9788176487221 |
||
| 035 | _aB-216388 | ||
| 037 | _bCen Lib/ Ret | ||
| 040 |
_aDPL _bEN |
||
| 082 |
_a355.02 _bKHA |
||
| 100 |
_aKhan,J.A. _917693 |
||
| 245 |
_aProbing war and warfare / _cby J.A.Khan |
||
| 260 |
_aNew Delhi _bA.P.H.Publishing corporation _c2005 |
||
| 270 |
_a5,Ansari Road Darya Ganj _bNew Delhi _e110002 |
||
| 300 |
_axIi,254p. _c21cm(Hb) |
||
| 500 | _aIncludes bibliographical reference and index | ||
| 650 |
_aWar _915533 |
||
| 650 |
_aMilitary art and science _973587 |
||
| 942 |
_2ddc _cEN _h355.02 _mKHA |
||
| 999 |
_c126500 _d126500 |
||